| 000 | 00389nam a22001697a 4500 | ||
|---|---|---|---|
| 003 | CEME | ||
| 005 | 20210628202456.0 | ||
| 008 | 210316b xxu||||| |||| 00| 0 eng d | ||
| 040 | _c. | ||
| 082 | _a671.732 ELE'D | ||
| 100 |
_aDurney, L. J _960066 |
||
| 245 | _aElectrplating engineering handbook | ||
| 250 | _a4TH | ||
| 260 |
_aINDIA _bCBS _c1987 |
||
| 300 | _a790P | ||
| 942 |
_cBK _2ddc |
||
| 999 |
_c569897 _d569897 |
||